A textbook of engineering physics / (Record no. 188447)
[ view plain ]
| 000 -LEADER | |
|---|---|
| fixed length control field | 01338 a2200181 4500 |
| 003 - CONTROL NUMBER IDENTIFIER | |
| control field | Nust |
| 005 - DATE AND TIME OF LATEST TRANSACTION | |
| control field | 20221024142651.0 |
| 020 ## - INTERNATIONAL STANDARD BOOK NUMBER | |
| International Standard Book Number | 8121908175 |
| 040 ## - CATALOGING SOURCE | |
| Transcribing agency | Nust |
| 082 ## - DEWEY DECIMAL CLASSIFICATION NUMBER | |
| Classification number | 621.3,AVA |
| 100 ## - MAIN ENTRY--PERSONAL NAME | |
| Personal name | Avadhanulu, M.N. |
| 9 (RLIN) | 101277 |
| 245 ## - TITLE STATEMENT | |
| Title | A textbook of engineering physics / |
| Statement of responsibility, etc. | M. N. Avadhanulu and P.G. Kshirsagar |
| 260 ## - PUBLICATION, DISTRIBUTION, ETC. | |
| Place of publication, distribution, etc. | New Delhi |
| Name of publisher, distributor, etc. | S. Chand |
| Date of publication, distribution, etc. | c1992 |
| 300 ## - PHYSICAL DESCRIPTION | |
| Extent | xiv, 758p. |
| 505 ## - FORMATTED CONTENTS NOTE | |
| Formatted contents note | Electric and Magnetic Fields (Page-1), Mazwell's Equations (Page-28), Elctron Emission (Page-36), Electron Ballistics Electric and Magnetic Fields (Page-1), Mazwell's Equations (Page-28), Elctron Emission (Page-43), Electron Optics(Page-70), Properties of Light (Page-105), Interference and Diffraction (Page-142), Polarization (Page-181),Special Theory of Relativity (Page-224),Elements of Thermodynamics (Page-252), Architectural Acoustics (Page-277), Ultrasonics (Page-295), Atomicphysics (Page-305), Lasers (Page-395), Atomicnucleus and Nuclearenergy (Page-422),Structure of Solids (Page-468), The Bad Theory of Solids (Page-506), Semiconductors (Page-527), PN- Junction Diode (Page-564),Bipolar junction Transistor (Page-589), Magnetic Materials (Page-608),Super Conductivity (Page-644), Dielectrics (Page-665),Fiber Optics (Page-698), Digital Electronics (Page-726). |
| 650 ## - SUBJECT ADDED ENTRY--TOPICAL TERM | |
| Topical term or geographic name entry element | Telecommunication Engineering |
| 942 ## - ADDED ENTRY ELEMENTS (KOHA) | |
| Source of classification or shelving scheme | |
| Koha item type | Book |
| Withdrawn status | Lost status | Source of classification or shelving scheme | Damaged status | Not for loan | Permanent Location | Current Location | Shelving location | Date acquired | Full call number | Barcode | Date last seen | Price effective from | Koha item type | Public note |
|---|---|---|---|---|---|---|---|---|---|---|---|---|---|---|
| Military College of Signals (MCS) | Military College of Signals (MCS) | General Stacks | 12/12/2016 | 621.3,AVA | MCS34646 | 12/08/2016 | 12/12/2016 | Book | Almirah No.27, Shelf No.6 |
